000 00190 a2200097 4500
001 15792
100 _aGittelson B
245 _aBio Rhythm
260 _aLondon
_b
_c
090 _c12342
_d12342
942 _aNUST-CAE
_cM
_c2606
999 _c250865
_d250865